[Event "Stay Safe Play From Home 380"]
[Site "Emanuel Lasker Arena"]
[Date "2020.08.13"]
[Round "9"]
[White "Fischer_11"]
[Black "Mepe_Nika"]
[Result "0-1"]
[WhiteElo "1997"]
[BlackElo "2352"]
[Annotator "NA"]
[PlyCount "144"]
[EventDate "2020.08.13"]
[EventType "swiss (blitz)"]

1. e4 {[%emt 0:00:01]} c6 {[%emt 0:00:01]} 2. d4 {[%emt 0:00:01]} d5 {[%emt 0:00:00]} 3. exd5 {[%emt 0:00:00]} cxd5 {[%emt 0:00:01]} 4. c4 {[%emt 0:00:00]} Nf6 {[%emt 0:00:01]} 5. Nc3 {[%emt 0:00:00]} g6 {[%emt 0:00:00]} 6. Bg5 {[%emt 0:00:01]} Bg7 {[%emt 0:00:02]} 7. cxd5 {[%emt 0:00:00]} Nxd5 {[%emt 0:00:02]} 8. Nf3 {[%emt 0:00:01]} Qd7 {[%emt 0:00:00]} 9. Bc4 {[%emt 0:00:03]} Nxc3 {[%emt 0:00:01]} 10. bxc3 {[%emt 0:00:00]} O-O {[%emt 0:00:01]} 11. O-O {[%emt 0:00:01]} Qc7 {[%emt 0:00:00]} 12. Qd3 {[%emt 0:00:01]} b6 {[%emt 0:00:01]} 13. Rfe1 {[%emt 0:00:01]} e6 {[%emt 0:00:02]} 14. Bb3 {[%emt 0:00:06]} Bb7 {[%emt 0:00:01]} 15. c4 {[%emt 0:00:01]} Nc6 {[%emt 0:00:01]} 16. Rad1 {[%emt 0:00:03]} Na5 {[%emt 0:00:01]} 17. d5 {[%emt 0:00:01]} exd5 {[%emt 0:00:00]} 18. cxd5 {[%emt 0:00:01]} Nxb3 {[%emt 0:00:01]} 19. axb3 {[%emt 0:00:00]} h6 {[%emt 0:00:01]} 20. d6 {[%emt 0:00:01]} Qd7 {[%emt 0:00:01]} 21. Be7 {[%emt 0:00:01]} Rfe8 {[%emt 0:00:02]} 22. Ne5 {[%emt 0:00:01]} Qe6 {[%emt 0:00:03]} 23. Qc4 {[%emt 0:00:05]} Qxc4 {[%emt 0:00:03]} 24. bxc4 {[%emt 0:00:00]} Bf8 {[%emt 0:00:10]} 25. Bxf8 {[%emt 0:00:03]} Kxf8 {[%emt 0:00:00]} 26. d7 {[%emt 0:00:00]} Red8 {[%emt 0:00:01]} 27. f3 {[%emt 0:00:03]} a5 {[%emt 0:00:02]} 28. Kf2 {[%emt 0:00:01]} a4 {[%emt 0:00:00]} 29. Re2 {[%emt 0:00:03]} a3 {[%emt 0:00:01]} 30. Ra2 {[%emt 0:00:01]} Ra5 {[%emt 0:00:00]} 31. f4 {[%emt 0:00:01]} Ke7 {[%emt 0:00:03]} 32. g3 {[%emt 0:00:02]} Ba6 {[%emt 0:00:01]} 33. Ke3 {[%emt 0:00:01]} Bb7 {[%emt 0:00:01]} 34. Kd4 {[%emt 0:00:01]} Ke6 {[%emt 0:00:01]} 35. Kc3 {[%emt 0:00:01]} f6 {[%emt 0:00:01]} 36. Nd3 {[%emt 0:00:01]} Rxd7 {[%emt 0:00:01]} 37. Re2+ {[%emt 0:00:02]} Kf5 {[%emt 0:00:04]} 38. Nf2 {[%emt 0:00:00]} Rxd1 {[%emt 0:00:01]} 39. g4+ {[%emt 0:00:00]} Kxf4 {[%emt 0:00:01]} 40. Nxd1 {[%emt 0:00:01]} a2 {[%emt 0:00:01]} 41. Rf2+ {[%emt 0:00:00]} Kg5 {[%emt 0:00:01]} 42. Rxa2 {[%emt 0:00:00]} Rxa2 {[%emt 0:00:01]} 43. Ne3 {[%emt 0:00:00]} Ra3+ {[%emt 0:00:00]} 44. Kd4 {[%emt 0:00:00]} Rxe3 {[%emt 0:00:00]} 45. Kxe3 {[%emt 0:00:00]} Kxg4 {[%emt 0:00:00]} 46. c5 {[%emt 0:00:00]} Kh3 {[%emt 0:00:00]} 47. cxb6 {[%emt 0:00:00]} f5 {[%emt 0:00:01]} 48. Kd4 {[%emt 0:00:00]} g5 {[%emt 0:00:00]} 49. Ke5 {[%emt 0:00:00]} f4 {[%emt 0:00:00]} 50. Kd6 {[%emt 0:00:00]} f3 {[%emt 0:00:00]} 51. Kc7 {[%emt 0:00:00]} f2 {[%emt 0:00:00]} 52. Kxb7 {[%emt 0:00:01]} f1=Q {[%emt 0:00:00]} 53. Ka7 {[%emt 0:00:00]} Qh1 {[%emt 0:00:00]} 54. b7 {[%emt 0:00:00]} Qxh2 {[%emt 0:00:00]} 55. b8=Q {[%emt 0:00:01]} Qxb8+ {[%emt 0:00:00]} 56. Kxb8 {[%emt 0:00:00]} g4 {[%emt 0:00:00]} 57. Kc7 {[%emt 0:00:00]} g3 {[%emt 0:00:00]} 58. Kd6 {[%emt 0:00:00]} g2 {[%emt 0:00:00]} 59. Ke5 {[%emt 0:00:00]} g1=Q {[%emt 0:00:00]} 60. Kf4 {[%emt 0:00:00]} Qg5+ {[%emt 0:00:00]} 61. Kf3 {[%emt 0:00:01]} Kh4 {[%emt 0:00:00]} 62. Kf2 {[%emt 0:00:00]} Kh5 {[%emt 0:00:00]} 63. Ke2 {[%emt 0:00:00]} Kg6 {[%emt 0:00:00]} 64. Kd3 {[%emt 0:00:00]} h5 {[%emt 0:00:00]} 65. Kc2 {[%emt 0:00:00]} Qg4 {[%emt 0:00:00]} 66. Kb3 {[%emt 0:00:00]} h4 {[%emt 0:00:00]} 67. Ka3 {[%emt 0:00:01]} Qg3+ {[%emt 0:00:00]} 68. Kb2 {[%emt 0:00:01]} h3 {[%emt 0:00:00]} 69. Kc1 {[%emt 0:00:00]} h2 {[%emt 0:00:00]} 70. Kc2 {[%emt 0:00:00]} h1=Q {[%emt 0:00:00]} 71. Kb2 {[%emt 0:00:01]} Qhh2+ {[%emt 0:00:00]} 72. Ka1 {[%emt 0:00:01]} Qgg1# {[%emt 0:00:00] (Lag: Av=0.36s, max=0.6s) (Lag: Av=0.36s, max=0.6s) (Lag: Av=0.36s, max=0.6s)} 0-1